000 00991nam a2200181 a 4500
008 120416s1972 xx |||||||||||||| || u
050 _aHC 860 Sei
100 _aSeidman, Ann Willcox
245 1 0 _aComparative development strategies in East Africa
260 _c1972
350 _a0.00
650 0 _aECONOMICS
650 _aECONOMIC DEVELOPMENT--AFRICA, EASTERN
995 _aTEXTBOOKS (SBE)
_D0.00
_e5460
_FCBU-SCHOOL TEXTBOOK COLLECTIONS
_H1
_I0.00
_jSCHOOL TEXTBOOK
_M3
_UAVAILABLE
_WSep 9, 2009
_y5460
_ZSchool Collections
995 _aTEXTBOOKS (SBE)
_D0.00
_e5459
_FCBU-SCHOOL TEXTBOOK COLLECTIONS
_H1
_I0.00
_jSCHOOL TEXTBOOK
_M2
_UAVAILABLE
_WSep 9, 2009
_y5459
_ZSchool Collections
995 _aANNEX COLLECTION (Main Library)
_D0.00
_e702827
_FCBU-MAIN LIBRARY (Kitwe)
_H1
_I0.00
_jHC 860 Sei
_M1
_UAVAILABLE
_y002977
_ZAnnex Low-Usage Collection
995 _aTEXTBOOKS (SBE)
_D0.00
_e5461
_FCBU-SCHOOL TEXTBOOK COLLECTIONS
_H1
_I0.00
_jSCHOOL TEXTBOOK
_M4
_UAVAILABLE
_WSep 9, 2009
_y5461
_ZSchool Collections
999 _c79576
_d79576